| 000 | 00000nam##2200000za#4500 |
| 001 | 9.697095 |
| 003 | CaOODSP |
| 005 | 20210624235329 |
| 007 | cr ||||||||||| |
| 008 | 150407|2001||||xxc|||||o f|0| 0 eng|d |
| 040 | |aCaOODSP|beng |
| 043 | |an-cn--- |
| 086 | 1 |aFs23-396/2001E-PDF |
| 110 | 1 |aCanada. |bDepartment of Fisheries and Oceans. |
| 245 | 10|aRecreational fisheries in Canada : |h[electronic resource]|ban operational policy framework |
| 260 | |aOttawa - Ontario : |bFisheries and Oceans Canada |c2001. |
| 300 | |a6p.|btables |
| 500 | |aThe catalogue number (Fs23-396/2001) and ISBN (0-662-65529-X) for the bilingual print edition have been incorrectly copied in this electronic publication. |
| 590 | |a13-02-Supp|b2013-01-11 |
| 690 | 07|aFishing (Sport)|2gcpds |
| 690 | 07|aFisheries policy|2gcpds |
| 775 | 08|tLa pêche récréative au Canada : |w(CaOODSP)9.641162 |
| 776 | 0#|tRecreational fisheries in Canada : |w(CaOODSP)9.662557 |
| 776 | 0#|tLa pêche récréative au Canada : |w(CaOODSP)9.662558 |
| 856 | 40|ahttp://publications.gc.ca|qPDF|s276 KB|uhttps://publications.gc.ca/collections/collection_2012/mpo-dfo/Fs23-396-2001-eng.pdf |
| 986 | |aDFO/6126 |